000 00529nam a2200193 a 4500
001 000029127
003 DO-SdBNP
005 20220504125436.0
007 ta
008 110413s1971 dr 000 | spa d
040 _aDO-SdBNP
_bspa
_cBNPHU
082 _bS684e, 1971
100 1 _aSoldevila, Raúl
_926930
245 1 0 _aEscarcha del romance /
_cRaúl Soldevila.
250 _a2a ed.
260 _aSanto Domingo de Guzmán, República Dominicana :
_bEditora Marrero,
_c1971.
300 _a43 p. ;
_c19 cm.
942 _2ddc
_cLBS1
999 _c28619
_d28619